NICKNAMES Quiz Stats

Quiz not verified by Sporcle

Challenge
Share
Tweet
Embed
Score 0/19 Timer 05:00
0 Plays Today
Character's Real Name Nickname % Correct
Donna Jo Margaret Tanner DJ
56.2%
Dr. John Dorian JD
54.8%
Dr. Leonard H. McCoy Bones
51.3%
Major Margaret HoulihanHotlips
46.2%
John Walton, Jr.John-Boy
43.8%
Thomas A. Anderson/Mr. Anderson Neo
40.1%
Howard C. Cunningham Mr C
38.4%
Santino Corleone Sonny
38%
Detective/Inspector Harold Francis CallahanDirty Harry
37.2%
George Oscar BluthGOB
36.9%
Character's Real Name Nickname % Correct
Dr. Donald Mallard Ducky
32.9%
Deandra Reynolds Sweet Dee
30.2%
Don Diego De La Vega Zorro
29.3%
Eric Cartwright [not Cartman]Hoss
27.4%
Detective Jimmy Doyle Popeye
26.7%
Frances Lawrence [her boyfriend's nickname was Moondoggie]Gidget
26.5%
Dougie Powers [you will kick yourself if you don't get this one] Dr Evil
24.5%
NYPD officer James Darrell Edwards III [before changing jobs & losing his identity]Agent J
24.4%
Jerome McElroy aka Abdul Mohammed Jabar Rauf Kareem AliChef
22.4%

You're not logged in!

Compare scores with friends on all Sporcle quizzes.
Join for Free
OR
Log In

You Might Also Like...

Show Comments

Extras

Top Quizzes Today


Score Distribution

Your Account Isn't Verified!

In order to create a playlist on Sporcle, you need to verify the email address you used during registration. Go to your Sporcle Settings to finish the process.

Report this User

Report this user for behavior that violates our Community Guidelines.

Details: